00809nam a2200217Ii 450000100060000000300090000600800410001504000330005604100080008908200150009711000590011224500690017126400430024030000120028333600260029533700280032133800270034994000520037699900170042895201460044512168CO-ViMGA241108s9999||||xx |||||||||||||| ||und|| aCO-ViMGAbspaerdacCO-ViMGA0 aspa04a639.2 I59p1 aInstituto Nacional de Pesca y Agricultura INPA,95302510aLa Pesca en la baja Orinoquia Colombiana:bUna visión integral 1aBogotá, Colombia : Produmedios, 2001 avolumen atextbtxt2rdacontent aunmediatedbn2rdamedia avolumebnc2rdacarrier aidficha_siabuc: 11878. -- ficha_no_siabuc:12168 c48465d48465 001040708FPatriOrinoaMEVIGERRbMEVIGERRcLOCALd2006-11-27o639.2 I59ppECA8423r2024-11-26 09:50:15tEj.1w2024-11-26yBKz11878 | 15935